Missing Word: Shawn Mendes Songs Quiz Stats

 Plays Quiz Updated Jul 27, 2018

Score 0/20 Timer 04:00
1 Play Today
Hint Answer % Correct
There's Nothing Holdin' Me _____Back
98.2%
I _____ What You Did Last SummerKnow
96.9%
_____ of the PartyLife
93.2%
_____ Were You in the Morning?Where
92.2%
Treat You _____Better
91.7%
This Is _____ It TakesWhat
91.5%
In _____ BloodMy
88.6%
I Don't _____ Know Your NameEven
88.3%
_____ in JapanLost
86.6%
Never Be _____Alone
85.3%
Hint Answer % Correct
Don't Be a _____Fool
84.6%
Something _____Big
83.4%
Fallin' _____ in YouAll
80.9%
_____ PromisesNo
79.3%
Particular _____Taste
76.7%
Three _____ WordsEmpty
76.7%
_____ in LoveKid
75.8%
_____ I Had YouBecause
73.1%
_____ WrongPerfectly
70.5%
When You're _____Ready
68.8%

Today's Daily Dose

Missing Word
Celine Dion

Word Ladder
Dr. Seuss Books

Quick Pick
Cities in India

Get the Picture
'A' Actresses

You're not logged in!

Compare scores with friends on all Sporcle quizzes.
OR
Log In

Sporcle TV

Today on Sporcle TV


Watch our educational content, quiz creation guides, and fun videos on Sporcle TV.

Show Comments

Extras

Top Quizzes Today


Score Distribution

Your Account Isn't Verified!

In order to create a playlist on Sporcle, you need to verify the email address you used during registration. Go to your Sporcle Settings to finish the process.

Report this User

Report this user for behavior that violates our Community Guidelines.

Details: